000 01372nam a22002297a 4500
999 _c63730
_d63730
003 Ge_BSU
005 20251217140526.0
008 251217s2020 ge ||||| |||| 00| 0 geo d
020 _a9789941973628
041 _ageo
080 _a373.3/.5(479.22)(09) ჭ-24
100 _aჭანტურია, გიორგი
_926540
245 _aსასკოლო განათლების ისტორია, 1990-2020 /
_cგიორგი ჭანტურია, მერი ქადაგიძე, გიორგი მელიქაძე; საქართველოს პარლამენტის ეროვნული ბიბლიოთეკა.
264 _aთბილისი,
_c2020.
300 _a164 გვ. :
_bილ. ;
_c30 სმ.
504 _aბიბლიოგრაფია ტექსტის შენიშვნებში.
653 _aსასკოლო განათლების ისტორია საქართველოში
700 _aქადაგიძე, მერი
_eავტორი
_926541
700 _aმელიქაძე, გიორგი
_eავტორი
_926542
710 _aსაქართველოს პარლამენტის ეროვნული ბიბლიოთეკა.
_926543
942 _2udc
_cᲬᲘᲒᲜᲘ